In the shadow of the silent majorities or, the end of the social and other essays

Αποθηκεύτηκε σε:
Λεπτομέρειες βιβλιογραφικής εγγραφής
Κύριος συγγραφέας: Baudrillard, Jean, 1929-2007
Μορφή: Βιβλίο
Γλώσσα:English
Δημοσίευση: New York : Seminotext(e), 1983.
Σειρά:Semiotext(e) foreign agents series
Θέματα:
Ετικέτες: Προσθήκη ετικέτας
Δεν υπάρχουν, Καταχωρήστε ετικέτα πρώτοι!

MARC

LEADER 00000cam a2200000 i 4500
001 1/7453
008 960807s1983 nyu| ||| |||| ||eng||
020 |a 187317666X 
035 |l 10016709 
040 |a GR-MyUa  |b gre  |e AACR2 
041 0 |a eng 
082 7 |a 302.23   |2 (22) 
100 1 |a Baudrillard, Jean,   |d 1929-2007. 
245 1 0 |a In the shadow of the silent majorities or, the end of the social and other essays /   |c Jean Baudrillard ; Translated by Paul Foss, John Johnston, Paul Patton. 
260 |a New York :   |b Seminotext(e),   |c 1983. 
300 |a 123 σ. ;   |c 18 εκ. 
490 1 |a (Semiotext(e) foreign agents series) 
650 0 |a Philosophy. 
650 0 |a Mass media. 
650 0 |a Sociology. 
830 0 |a Semiotext(e) foreign agents series 
852 |a INST  |b LESVOS  |e 19960807  |h 302.23 BAU  |p 005100009391  |q 005100009391  |t BK  |y 0 
970 |a ΚΑΜΑΤΣΟΥ  |b ΔΕΣΠΟΙΝΑ  |z 1999/11/11